Calculus : (Record no. 180324)

000 -LEADER
fixed length control field 01316 a2200253 4500
003 - CONTROL NUMBER IDENTIFIER
control field NUST
005 - DATE AND TIME OF LATEST TRANSACTION
control field 20221117124621.0
010 ## - LIBRARY OF CONGRESS CONTROL NUMBER
LC control number 2003051005
020 ## - INTERNATIONAL STANDARD BOOK NUMBER
International Standard Book Number 007242432X
040 ## - CATALOGING SOURCE
Transcribing agency Nust
082 00 - DEWEY DECIMAL CLASSIFICATION NUMBER
Classification number 515,HOF
100 1# - MAIN ENTRY--PERSONAL NAME
Personal name Hoffmann, Laurence D.,
9 (RLIN) 102231
245 10 - TITLE STATEMENT
Title Calculus :
Remainder of title for business, economics, and the social and life sciences/
Statement of responsibility, etc. Laurence D. Hoffmann, Gerald L. Bradley, with Kenneth H. Rosen.
250 ## - EDITION STATEMENT
Edition statement 8th ed. /
260 ## - PUBLICATION, DISTRIBUTION, ETC.
Place of publication, distribution, etc. Boston :
Name of publisher, distributor, etc. McGraw Hill Higher Education,
Date of publication, distribution, etc. c2004.
300 ## - PHYSICAL DESCRIPTION
Extent xxviii, 728 p. :
Other physical details ill. (some col.) ;
Dimensions 26 cm.
505 ## - FORMATTED CONTENTS NOTE
Formatted contents note Function, Graphs, and Limits (Page-1), Differentiation : Basic Concept (Page-96), additional Application of the Derivative (Page-184), Exponential and Logarithmic Function (Page-282), Integration (Page-356), Additional Topic in Integration (Page-450), Calculus of Several Variable (Page-526), Algebra Review (Page-612), Powers of e (Page-639), The Nature Logarithm (Base e ) (Page-640).
650 #0 - SUBJECT ADDED ENTRY--TOPICAL TERM
Topical term or geographic name entry element Calculus.
700 1# - ADDED ENTRY--PERSONAL NAME
Personal name Bradley, Gerald L.,
Dates associated with a name 1940-
9 (RLIN) 82492
700 1# - ADDED ENTRY--PERSONAL NAME
Personal name Rosen, Kenneth H.
9 (RLIN) 17956
856 42 - ELECTRONIC LOCATION AND ACCESS
Materials specified Publisher description
Uniform Resource Identifier <a href="http://www.loc.gov/catdir/enhancements/fy0702/2003051005-d.html">http://www.loc.gov/catdir/enhancements/fy0702/2003051005-d.html</a>
856 42 - ELECTRONIC LOCATION AND ACCESS
Materials specified Table of contents only
Uniform Resource Identifier <a href="http://www.loc.gov/catdir/enhancements/fy0702/2003051005-t.html">http://www.loc.gov/catdir/enhancements/fy0702/2003051005-t.html</a>
942 ## - ADDED ENTRY ELEMENTS (KOHA)
Source of classification or shelving scheme
Koha item type Book
Call number prefix 515,HOF
Holdings
Withdrawn status Lost status Source of classification or shelving scheme Damaged status Not for loan Permanent Location Current Location Shelving location Date acquired Full call number Barcode Date last seen Price effective from Koha item type Public note
          Military College of Signals (MCS) Military College of Signals (MCS) General Stacks 12/12/2016 515,HOF MCS31587 12/08/2016 12/12/2016 Book Almirah No.13, Shelf No.1
© 2023 Central Library, National University of Sciences and Technology. All Rights Reserved.